000 00805nam a22002297a 4500
008 240525b mp ||||| |||| 00| 0 mon d
020 _a978-99973-1-477-2
035 _a14192
040 _aСэлэнгэ аймгийн нийтийн номын сан
_bmon
_cMN-UlNLM
_dMN-UlNLM
_erda
041 _amon
042 _a29802
084 _2НСНЗА
_a83.8
_bЭ 757
100 _aЭрих Кэстнер
245 0 _aГулливерийн аялал
264 _aУлаанбаатар
_bМон судар ХГ
_c2017
300 _a126
336 _2rdacontent
_atext
_btxt
337 _2rdamedia
_aunmediated
_bn
338 _2rdacarrier
_avolume
_bnc
650 _aМиний нэрийг Ламуэл Гулливер гэдэг. би 1725 оноос бичиж байна.
942 _2NNA
_cBK
999 _c713242
_d713299